Greek Mythology Images Quiz Stats

 Plays Quiz not verified by Sporcle

Challenge
Share
Tweet
Score 0/10 Timer 02:00
0 Plays Today
% Correct
Zeus
92%
Prometheus
87.5%
Icarus
85.9%
Athena
82.8%
Jason
81.7%
Narcissus
80.9%
Arachne
79.8%
Theseus
78.5%
Odysseus
75.6%
Argos
60.2%

You're not logged in!

Compare scores with friends on all Sporcle quizzes.
OR
Log In

You Might Also Like...

Show Comments

Extras

Top Quizzes Today


Score Distribution

Your Account Isn't Verified!

In order to create a playlist on Sporcle, you need to verify the email address you used during registration. Go to your Sporcle Settings to finish the process.

Report this User

Report this user for behavior that violates our Community Guidelines.

Details: